| 000 | 01205nam2a2200325 4500 | ||
|---|---|---|---|
| 001 | RU\NLR\bibl\160465 | ||
| 005 | 20250618053414.0 | ||
| 010 |
_a5-8053-0115-6 _9100000 |
||
| 021 |
_aRU _b2001-9165 _9440 |
||
| 035 | _a(NLR Aleph) 000157393 | ||
| 090 |
_a904697 _c904697 |
||
| 100 | _a20010510d2000 |||y0rusy50 ca | ||
| 101 | 0 | _arus | |
| 102 | _aRU | ||
| 105 | _aa ||||||||| | ||
| 200 | 0 |
_a... N° 1 ... _h[ч. 1] |
|
| 210 |
_d2000 _aБ. м. |
||
| 215 |
_a[1],64 с. _cил. |
||
| 461 | 0 |
_1001RU\NLR\bibl\166669 _12001#$aТехнология$v... N° 1 ... _9940749 _aКаневец, О. Ф. _cСаратов _d2000 _fКаневец О.Ф.] _nЛицей _o[Вариант для девочек : [Тетр. ... для 6 кл. _tТехнология _v... N° 1 ... |
|
| 610 | 0 | _aДомоводство - изучение в школе | |
| 610 | 0 | _aТехнология - самостоятельная работа учащихся | |
| 675 |
_a373.167.1:62.002+62.002(075.3) _v3 _zrus |
||
| 686 |
_a14.25 _2rugasnti |
||
| 686 |
_a3я721 _2rubbk |
||
| 801 | 0 |
_aRU _bRKP _c20010510 _gPSBO |
|
| 801 | 1 |
_aRU _bRKP _c20010510 |
|
| 801 | 2 |
_aRU _bNLR _c20010703 _grcr |
|
| 942 | _cBOOK | ||
| 980 | _aNB | ||